000 01380nam a2200325 i 4500
001 193711
003 ES-MaACL
005 20250718182331.0
007 ta
008 240206e1982 sp ||||| |||| 00| 0 spa d
017 _aM 29625-1982
_bOficina Depósito Legal Madrid
040 _bspa
_cES-MaACL
080 _a272(460):061.4(460.27 M.)"1982"
245 0 3 _aLa Inquisición :
_bPalacio de Velázquez del Retiro, Madrid, octubre-diciembre 1982 /
_c[exposición organizada por el Ministerio de Cultura ; coordinador general, Pedro González García]
260 _a[Madrid] :
_bMinisterio de Cultura, Subdirección General de Archivos,
_c[1982]
300 _a169 páginas :
_bilustraciones (blanco y negro y color) ;
_c28 cm
336 _2rdacontent
_atexto
337 _2rdamedia
_asin mediación
338 _2rdacarrier
_avolumen
504 _aBibliografía: página 106
650 4 _aInquisición-
_zEspaña-
_vExposiciones
_9235077
655 7 _aCatálogos de exposiciones
_9193628
700 1 _aGonzález García, Pedro
_epbl
_958658
710 2 _aPalacio de Velázquez
_ehis
_9235067
710 1 _aEspaña.
_bSubdirección General de Archivos
_93990
_eedt
852 _aES-MaACL
_cDEPOJ
_hLegado: Juan Antonio Porto
_jN-8203
_xCartoné
_9201239
903 _aPorto, Juan Antonio,
_d1937-2021
_ednr
_q1
_993285
942 _n0
_cMONOGRAFIA
999 _c193711
_d193711